| 000 -LEADER |
| fixed length control field |
00604nam a22001817a 4500 |
| 005 - DATE AND TIME OF LATEST TRANSACTION |
| control field |
20231130122915.0 |
| 008 - FIXED-LENGTH DATA ELEMENTS--GENERAL INFORMATION |
| fixed length control field |
231130s1924 ru ||||| |||| 00| 0 rus d |
| 041 ## - LANGUAGE CODE |
| Language code of text/sound track or separate title |
rus |
| 080 ## - UNIVERSAL DECIMAL CLASSIFICATION NUMBER |
| Universal Decimal Classification number |
821.7(37) П-30 |
| 100 ## - MAIN ENTRY--PERSONAL NAME |
| Personal name |
Петроний, А. |
| 9 (RLIN) |
20526 |
| 245 ## - TITLE STATEMENT |
| Title |
Сатирикон / |
| Statement of responsibility, etc. |
А. Петроний. |
| 264 ## - PRODUCTION, PUBLICATION, DISTRIBUTION, MANUFACTURE, AND COPYRIGHT NOTICE |
| Place of production, publication, distribution, manufacture |
Москва : |
| Name of producer, publisher, distributor, manufacturer |
Госиздат, |
| Date of production, publication, distribution, manufacture, or copyright notice |
1924. |
| 300 ## - PHYSICAL DESCRIPTION |
| Extent |
240 с. |
| Other physical details |
21 см. |
| 440 ## - SERIES STATEMENT/ADDED ENTRY--TITLE |
| Title |
Всемирная литература |
| 9 (RLIN) |
20527 |
| 653 ## - INDEX TERM--UNCONTROLLED |
| keyword |
ძველი რომაული პროზა |
| 653 ## - INDEX TERM--UNCONTROLLED |
| keyword |
სატირიკონი |
| 942 ## - ADDED ENTRY ELEMENTS (KOHA) |
| Source of classification or shelving scheme |
|
| Koha item type |
წიგნი |